Normal view
MARC view
- الشعراء العرب-الشعر العربي-تراث عربي- تاريخ و نقد -المتنبي
Entry Topical Term
001 - CONTROL NUMBER
- control field: 37705
003 - CONTROL NUMBER IDENTIFIER
- control field: JO-AjAnu
005 - DATE AND TIME OF LATEST TRANSACTION
- control field: 20230606080303.0
008 - FIXED-LENGTH DATA ELEMENTS
- fixed length control field: 230606|| aca||aabn | a|a d
040 ## - CATALOGING SOURCE
- Original cataloging agency: JO-AjAnu
- Transcribing agency: JO-AjAnu
150 ## - HEADING--TOPICAL TERM
- Topical term or geographic name entry element: الشعراء العرب-الشعر العربي-تراث عربي- تاريخ و نقد -المتنبي
670 ## - SOURCE DATA FOUND
- Source citation: Work cat.: (JO-AjAnu)19346: الجرجاني، أبي الحسن علي بن عبد العزيز تأليف؛ صبحي، محي الدين دراسة, author 37704, المختار من الوساطة بين المتنبي وخصومه